[Event "Bialystok Zamenhof Memorial-A"]
[Site "Bialystok"]
[Date "2007.12.31"]
[Round "9.8"]
[White "Krutul, Piotr"]
[Black "Bobras, Jan"]
[Result "1-0"]
[WhiteElo "1834"]
[BlackElo "1856"]
[PlyCount "100"]
[EventDate "2007.12.27"]
[EventType "swiss"]
[EventRounds "9"]
[EventCountry "POL"]
[SourceTitle "EXT 2023"]
[Source "ChessBase"]
[SourceDate "2022.10.05"]
[SourceVersion "1"]
[SourceVersionDate "2022.10.05"]
[SourceQuality "1"]

1. d4 g6 2. c4 Bg7 3. Nc3 d6 4. e4 e5 5. Be3 c6 6. f3 Qb6 7. Na4 Qa5+ 8. Bd2 Qd8 9. dxe5 Bxe5 10. f4 Bg7 11. Qc2 Nf6 12. 0-0-0 0-0 13. h3 a6 14. e5 dxe5 15. Bb4 Qc7 16. Bd6 Bf5 17. Bxc7 Bxc2 18. Kxc2 b5 19. Nc5 e4 20. g4 Re8 21. Bg2 Ra7 22. Be5 Bf8 23. Bxf6 Bxc5 24. Bd4 Bxd4 25. Rxd4 Rae7 26. Ne2 Nd7 27. Rhd1 Nc5 28. Rd8 Nd3 29. Rxe8+ Rxe8 30. cxb5 axb5 31. a3 c5 32. f5 gxf5 33. gxf5 Kg7 34. Rf1 Kf6 35. Nc3 e3 36. Kxd3 c4+ 37. Ke2 Rg8 38. Rg1 Rd8 39. Nd5+ Kxf5 40. Nxe3+ Ke5 41. Rf1 f6 42. Rf5+ Ke6 43. Rxb5 c3 44. bxc3 Rc8 45. Bd5+ Ke7 46. Nf5+ Kf8 47. a4 h6 48. a5 h5 49. a6 Re8+ 50. Kd3 Re5 1-0

[Event "Bialystok Zamenhof Memorial-A"]
[Site "Bialystok"]
[Date "2007.12.28"]
[Round "4.7"]
[White "Krutul, Piotr"]
[Black "Jablonski, Zenon"]
[Result "1/2-1/2"]
[WhiteElo "1834"]
[BlackElo "2153"]
[PlyCount "79"]
[EventDate "2007.12.27"]
[EventType "swiss"]
[EventRounds "9"]
[EventCountry "POL"]
[SourceTitle "EXT 2023"]
[Source "ChessBase"]
[SourceDate "2022.10.05"]
[SourceVersion "1"]
[SourceVersionDate "2022.10.05"]
[SourceQuality "1"]

1. d4 Nf6 2. c4 e6 3. Nf3 c5 4. d5 b5 5. Bg5 h6 6. Bxf6 Qxf6 7. Nc3 b4 8. Nb5 Kd8 9. a3 Na6 10. axb4 Nxb4 11. Nc3 Bb7 12. e4 e5 13. Be2 Bd6 14. 0-0 Ke7 15. Nb5 a6 16. Nxd6 Qxd6 17. Qd2 Qf6 18. Ra5 d6 19. g3 Bc8 20. Nh4 Qg5 21. Ng2 Bh3 22. Ra3 Qg6 23. Re3 h5 24. Qd1 Rag8 25. Qa4 Bd7 26. Qd1 h4 27. g4 Rb8 28. h3 Rb6 29. f3 Rhb8 30. Ra3 f6 31. Ne3 Qe8 32. Qa1 Qc8 33. b3 Qb7 34. Qc3 a5 35. Rxa5 Ra8 36. Rfa1 Rba6 37. Rxa6 Rxa6 38. Rxa6 Qxa6 39. Qb2 Qa5 40. Kf2 1/2-1/2

[Event "Bialystok Zamenhof Memorial-A"]
[Site "Bialystok"]
[Date "2007.12.27"]
[Round "1.10"]
[White "Galyga, Jozef"]
[Black "Krutul, Piotr"]
[Result "1/2-1/2"]
[WhiteElo "1936"]
[BlackElo "1834"]
[PlyCount "75"]
[EventDate "2007.12.27"]
[EventType "swiss"]
[EventRounds "9"]
[EventCountry "POL"]
[SourceTitle "EXT 2023"]
[Source "ChessBase"]
[SourceDate "2022.10.05"]
[SourceVersion "1"]
[SourceVersionDate "2022.10.05"]
[SourceQuality "1"]

1. e4 c6 2. d3 d5 3. Nd2 dxe4 4. dxe4 e5 5. Ngf3 Bg4 6. h3 Bxf3 7. Qxf3 Nf6 8. Bd3 Nbd7 9. c3 Nc5 10. Bc2 Qc7 11. 0-0 Be7 12. Nc4 0-0 13. Ne3 g6 14. b4 Ne6 15. Nc4 Rfd8 16. Bh6 Rd7 17. Rfd1 Rad8 18. Rxd7 Rxd7 19. a4 b6 20. g3 Ne8 21. h4 Bf8 22. Bxf8 Kxf8 23. h5 Kg7 24. Kg2 Re7 25. Bb3 Qc8 26. Rh1 Ng5 27. Qe3 f6 28. Nd2 Nd6 29. Rh4 c5 30. hxg6 hxg6 31. Nf3 Ngf7 32. Bd5 cxb4 33. cxb4 Rc7 34. Rh1 Rc3 35. Qd2 Rc2 36. Qd3 Rc3 37. Qd2 Rc2 38. Qd3 1/2-1/2

[Event "Warsaw AIG Life rapid 7th"]
[Site "Warsaw"]
[Date "2007.12.15"]
[Round "1"]
[White "Krutul, Piotr"]
[Black "Mastrovasilis, Dimitrios"]
[Result "0-1"]
[WhiteElo "1834"]
[BlackElo "2559"]
[PlyCount "54"]
[EventDate "2007.12.15"]
[EventType "swiss (rapid)"]
[EventRounds "13"]
[EventCountry "POL"]
[SourceTitle "CBM 121 Extra"]
[Source "ChessBase"]
[SourceDate "2008.01.10"]
[SourceVersion "1"]
[SourceVersionDate "2008.01.10"]
[SourceQuality "1"]

1. d4 d5 2. c4 c6 3. Nf3 e6 4. Qc2 dxc4 5. Qxc4 Nf6 6. Nc3 b5 7. Qd3 Bb7 8. Bg5 Nbd7 9. e4 b4 10. e5 bxc3 11. bxc3 h6 12. Bh4 g5 13. Nxg5 hxg5 14. Bxg5 Qa5 15. Bxf6 Nxf6 16. exf6 0-0-0 17. Be2 Bd6 18. g3 Rh6 19. 0-0 Rdh8 20. h4 Qf5 21. Qxf5 exf5 22. Bf3 f4 23. Kh2 fxg3+ 24. fxg3 Rxh4+ 25. Kg2 Rh2+ 26. Kg1 c5 27. Rf2 Rh1+ 0-1

[Event "Bialystok Podlaski Region-chA"]
[Site "Bialystok"]
[Date "2007.06.29"]
[Round "9.6"]
[White "Krutul, Piotr"]
[Black "Nasuta, Grzegorz"]
[Result "0-1"]
[WhiteElo "1885"]
[BlackElo "1942"]
[PlyCount "106"]
[EventDate "2007.06.23"]
[EventType "swiss"]
[EventRounds "9"]
[EventCountry "POL"]
[SourceTitle "EXT 2023"]
[Source "ChessBase"]
[SourceDate "2022.10.05"]
[SourceVersion "1"]
[SourceVersionDate "2022.10.05"]
[SourceQuality "1"]

1. d4 d5 2. c4 dxc4 3. e4 e5 4. Nf3 exd4 5. Bxc4 Nc6 6. 0-0 Be6 7. Bb5 Bc5 8. Qc2 Qd6 9. Bf4 Qxf4 10. Qxc5 Nge7 11. Nxd4 Bd7 12. g3 Qxe4 13. Nxc6 Bxc6 14. f3 Qe6 15. Nc3 Qd6 16. Bxc6+ bxc6 17. Qe3 0-0 18. Ne4 Qb4 19. b3 Qb6 20. Rfe1 Nd5 21. Qf2 Nb4 22. Qxb6 cxb6 23. Rec1 c5 24. a3 Nd5 25. Rd1 Rad8 26. Rd3 f5 27. Ng5 Nf6 28. Rad1 Rxd3 29. Rxd3 h6 30. Ne6 Re8 31. Nc7 Re1+ 32. Kf2 Ra1 33. a4 Ra2+ 34. Kg1 c4 35. bxc4 Rxa4 36. Nd5 Rxc4 37. Nxf6+ gxf6 38. Rd8+ Kf7 39. Rd7+ Ke6 40. Rxa7 Rc1+ 41. Kg2 Rc2+ 42. Kh3 b5 43. Rh7 b4 44. Rxh6 b3 45. Rh8 b2 46. Rb8 Kd5 47. g4 f4 48. g5 fxg5 49. Kg4 Rg2+ 50. Kf5 Kc4 51. Rxb2 Rxb2 52. Kxg5 Rxh2 53. Kxf4 Kd5 0-1

[Event "Bialystok Podlaski Region-chA"]
[Site "Bialystok"]
[Date "2007.06.27"]
[Round "7.6"]
[White "Krutul, Piotr"]
[Black "Doktor, Ryszard"]
[Result "0-1"]
[WhiteElo "1885"]
[BlackElo "1856"]
[PlyCount "38"]
[EventDate "2007.06.23"]
[EventType "swiss"]
[EventRounds "9"]
[EventCountry "POL"]
[SourceTitle "EXT 2023"]
[Source "ChessBase"]
[SourceDate "2022.10.05"]
[SourceVersion "1"]
[SourceVersionDate "2022.10.05"]
[SourceQuality "1"]

1. d4 Nf6 2. c4 g6 3. Nc3 d5 4. Nf3 Bg7 5. Qb3 dxc4 6. Qxc4 0-0 7. e4 c6 8. e5 Nd5 9. Nxd5 cxd5 10. Qb3 Nc6 11. Be3 f6 12. exf6 Bxf6 13. Bd3 Bg4 14. Qxb7 Qd6 15. Bf4 Qxf4 16. Qxc6 Bxf3 17. Qe6+ Kg7 18. gxf3 Qxf3 19. Kd2 Bg5+ 0-1

[Event "Augustow op"]
[Site "Augustow"]
[Date "2004.??.??"]
[Round "7"]
[White "Krutul, Piotr"]
[Black "Raczynski, Milosz"]
[Result "1-0"]
[WhiteElo "1800"]
[BlackElo "1800"]
[PlyCount "69"]
[EventDate "2004.08.??"]
[EventType "swiss"]
[EventRounds "9"]
[EventCountry "POL"]
[SourceTitle "EXT 2008"]
[Source "ChessBase"]
[SourceDate "2007.11.25"]
[SourceVersion "1"]
[SourceVersionDate "2007.11.25"]
[SourceQuality "1"]

1. d4 d5 2. c4 e6 3. Nf3 Nf6 4. Bg5 Be7 5. Nc3 0-0 6. e3 Re8 7. Rc1 c6 8. Bd3 Qa5 9. 0-0 Nbd7 10. c5 Nf8 11. Ne5 Ng6 12. f4 Nd7 13. Bxe7 Rxe7 14. Rb1 f5 15. Nxg6 hxg6 16. b4 Qc7 17. b5 Nf6 18. Qa4 Bd7 19. Qc2 Kf7 20. h3 Rh8 21. b6 Qb8 22. bxa7 Qxa7 23. Rb4 Qb8 24. Rfb1 Rh5 25. Be2 Rh4 26. Rxb7 Qh8 27. Bf1 Qh6 28. g3 Rh5 29. Qg2 g5 30. R1b2 g4 31. h4 Qh8 32. Rc7 Qa8 33. Rbb7 Qa3 34. Qd2 Rh8 35. Ra7 1-0

[Event "Augustow op"]
[Site "Augustow"]
[Date "2004.??.??"]
[Round "5"]
[White "Soliwoda, Aleksandra"]
[Black "Krutul, Piotr"]
[Result "1-0"]
[WhiteElo "1800"]
[BlackElo "1800"]
[PlyCount "85"]
[EventDate "2004.08.??"]
[EventType "swiss"]
[EventRounds "9"]
[EventCountry "POL"]
[SourceTitle "EXT 2008"]
[Source "ChessBase"]
[SourceDate "2007.11.25"]
[SourceVersion "1"]
[SourceVersionDate "2007.11.25"]
[SourceQuality "1"]

1. d4 d5 2. e3 Nf6 3. Bd3 Bg4 4. Nf3 Nbd7 5. Nbd2 c5 6. c3 a6 7. a4 e5 8. dxe5 Nxe5 9. Be2 Nxf3+ 10. Bxf3 Bxf3 11. Qxf3 Bd6 12. 0-0 Qc7 13. h3 0-0-0 14. e4 dxe4 15. Nxe4 Nxe4 16. Qxe4 Rhe8 17. Qg4+ Kb8 18. Be3 Re6 19. Rac1 Rg6 20. Qf3 f5 21. b4 c4 22. a5 Qf7 23. Bb6 Bc7 24. Bxc7+ Qxc7 25. Qxf5 Qc6 26. f3 Rd2 27. Qf4+ Qd6 28. Qxd6+ Rgxd6 29. Rfe1 Kc7 30. Re4 Rc6 31. Re7+ Rd7 32. Rce1 Rcd6 33. R1e4 Rxe7 34. Rxe7+ Kc6 35. Re5 Rd5 36. Rxd5 Kxd5 37. Kf2 Ke5 38. h4 Kf5 39. Ke3 h6 40. g3 g5 41. hxg5 hxg5 42. Kd4 g4 43. fxg4+ 1-0

[Event "Augustow op"]
[Site "Augustow"]
[Date "2004.??.??"]
[Round "6"]
[White "Voronov, Vadim"]
[Black "Krutul, Piotr"]
[Result "1/2-1/2"]
[WhiteElo "2020"]
[BlackElo "1800"]
[PlyCount "122"]
[EventDate "2004.08.??"]
[EventType "swiss"]
[EventRounds "9"]
[EventCountry "POL"]
[SourceTitle "EXT 2008"]
[Source "ChessBase"]
[SourceDate "2007.11.25"]
[SourceVersion "1"]
[SourceVersionDate "2007.11.25"]
[SourceQuality "1"]

1. e4 c6 2. d4 d5 3. e5 Bf5 4. h4 h5 5. c4 e6 6. Nc3 Be7 7. Nf3 Nd7 8. cxd5 cxd5 9. Bd3 Bxd3 10. Qxd3 Qb6 11. 0-0 Nh6 12. Bg5 Nf5 13. Bxe7 Nxe7 14. Rac1 a6 15. b4 0-0 16. Ng5 g6 17. g4 hxg4 18. h5 Nf5 19. hxg6 fxg6 20. Ne2 g3 21. fxg3 Nxe5 22. Qd2 Nc4 23. Qf4 Qd6 24. Qxd6 Nfxd6 25. Nxe6 Rxf1+ 26. Rxf1 Re8 27. Rf6 g5 28. Nc3 Ne4 29. Nxe4 dxe4 30. Nxg5 e3 31. Kf1 Kg7 32. Re6 Rxe6 33. Nxe6+ Kf6 34. Nc5 Kf5 35. Ke2 b6 36. Nxa6 Ke4 37. b5 Na3 38. Nb4 Nxb5 39. d5 Nd4+ 40. Ke1 Nf3+ 41. Kd1 Nd4 42. d6 e2+ 43. Kd2 Kf3 44. d7 Ne6 45. a4 Nd8 46. g4 e1Q+ 47. Kxe1 Kxg4 48. Nd5 Kf5 49. Nxb6 Ke6 50. a5 Nc6 51. a6 Ke7 52. Kd2 Kd8 53. Kc3 Kc7 54. d8Q+ Kxd8 55. Kc4 Kc7 56. Kc5 Na7 57. Nd5+ Kb8 58. Nb6 Kc7 59. Nd5+ Kb8 60. Kd6 Nc8+ 61. Kd7 Nb6+ 1/2-1/2